| 000 | 00748nmc a2200253 a 4500 | ||
|---|---|---|---|
| 003 | AR-BaBNM | ||
| 005 | 20251128205322.0 | ||
| 008 | 267019s1945 ||||||||||||||000 | spa|| | ||
| 040 | _cAR-BaBNM | ||
| 100 | 1 |
_aQuesada, Vicente G. _d1830-1913 |
|
| 245 | 1 | 0 |
_aEscenas de la vida colonial en el siglo XVII _b[crónicas de la Villa Imperial de Potosí |
| 260 |
_aBuenos Aires _bHuarpes _c1945 |
||
| 300 | 0 | _a243 p. | |
| 490 | 0 |
_aBiblioteca enciclopedica argentina _vv. 3 |
|
| 650 | 4 | _aPERIODO HISPANICO | |
| 650 | 4 | _aHISTORIA SOCIAL | |
| 650 | 4 | _aHISTORIA ECONOMICA | |
| 650 | 4 | _aHISTORIA DE LAS COSTUMBRES | |
| 650 | 4 | _aSOCIEDAD | |
| 651 | 4 | _aAmérica Latina | |
| 800 | 1 |
_aSierra, Vicente D. _edirector |
|
| 942 | _cBK | ||
| 998 | _cmariana | ||
| 999 |
_c10904 _d10904 |
||